Textbook of Educational Technology (Record no. 357673)
[ view plain ]
| 000 -LEADER | |
|---|---|
| fixed length control field | 00487nam a22001697a 4500 |
| 005 - DATE AND TIME OF LATEST TRANSACTION | |
| control field | 20240402145759.0 |
| 008 - FIXED-LENGTH DATA ELEMENTS--GENERAL INFORMATION | |
| fixed length control field | 240402b |||||||| |||| 00| 0 eng d |
| 020 ## - INTERNATIONAL STANDARD BOOK NUMBER | |
| International Standard Book Number | 9781543347722 |
| 041 ## - LANGUAGE CODE | |
| Language code of text/sound track or separate title | eng |
| 082 ## - DEWEY DECIMAL CLASSIFICATION NUMBER | |
| Edition number | 2024 |
| Classification number | 610./ABO |
| 245 ## - TITLE STATEMENT | |
| Title | Textbook of Educational Technology |
| Remainder of title | nursing education for BSc Nursing students |
| 260 ## - PUBLICATION, DISTRIBUTION, ETC. | |
| Place of publication, distribution, etc. | Jalandhar |
| Name of publisher, distributor, etc. | S.vikas & Company(Medical Publishers) |
| Date of publication, distribution, etc. | 2024 |
| 300 ## - PHYSICAL DESCRIPTION | |
| Extent | 214 p. |
| 365 ## - TRADE PRICE | |
| Price type code | Rs |
| Price amount | 325 |
| Currency code | Rs |
| 700 ## - ADDED ENTRY--PERSONAL NAME | |
| Personal name | Abothu Pradeep |
| 942 ## - ADDED ENTRY ELEMENTS (KOHA) | |
| Koha item type | Donated Book |
No items available.